Statistics for Bulgarian Lesson 3 - English to Bulgarian

Click here to take the quiz!

General Stats

  • This quiz has been taken 24 times
  • The average score is 7 of 16

Answer Stats

EnglishBulgarian% Correct
ChimneyКомин
100%
LaughСмея
100%
ArgumentАргумент
100%
WaveВълна
100%
MotivationМотивация
100%
BracketСкоба
100%
ReflectionОтражение
100%
SizeРазмер
100%
DisciplineДисциплина
100%
ReturnВръщане
100%
ArchitectureАрхитектура
100%
AnswerОтговор
100%
EagleОрел
100%
ReasonПричина
100%
DescriptionОписание
50%
InvisibleНевидим
50%
HorizonХоризонт
50%
SweatПот
50%
TubeТръба
33%
AnnoyingДосаден
0%
DestinationДестинация
0%
SlidingПлъзгащи се
0%
ExpansionРазширяване
0%
TurtleКостенурка
0%
BandageПревръзка
0%
LoopПримка
0%
HawkЯстреб
0%
ExperienceОпит
0%
WeldingЗаваряване
0%
ShineБлясък
0%
ComposureСамоконтрол
0%
RottenГнило
0%
TicklishЩекотлив
0%
UnlikelyМалко вероятно
0%
DefinitelyОпределено
0%
AnkleГлезен
0%
ElbowsЛакти
0%
MagicМагия
0%
ImmatureНезрял
0%
ExchangeРазмяна
0%
CourtroomСъдебна зала
0%
KnotВъзел
0%
InfluenceВлияние
0%
CreativityТворчество
0%
BellЗвънец
0%
RecoveryВъзстановяване
0%
ExpectОчаквам
0%
AntМравка
0%

Score Distribution

Percentile by Number Answered

Percent of People with Each Score

Your Score History

You have not taken this quiz